| 000 | 00797nam a2200181Ia 4500 | ||
|---|---|---|---|
| 008 | 090124s9999 xx 000 0 und d | ||
| 082 |
_b1872 _a157 |
||
| 100 | _aवैद्य गो. बा. (गोपाळ बाळकृष्ण) | ||
| 245 | _a श्री नाशिक पंचवटी क्षेत्र वर्णन | ||
| 250 | _a1 | ||
| 260 | _c1920 | ||
| 300 | _a34 | ||
| 600 | _aवैद्य गो. बा. (गोपाळ बाळकृष्ण) | ||
| 630 | _a श्री नाशिक पंचवटी क्षेत्र वर्णन | ||
| 700 | _aवैद्य गो. बा. (गोपाळ बाळकृष्ण) | ||
| 730 | _a श्री नाशिक पंचवटी क्षेत्र वर्णन | ||
| 942 | _cBOOK | ||
| 999 |
_c115823 _d115823 |
||